| 000 | 01115cam a22003011i 4500 | ||
|---|---|---|---|
| 003 | SA-RiAUC | ||
| 005 | 20260419143751.0 | ||
| 008 | 260419s2003 su g 000 0 ara c | ||
| 020 | _a9960945405 | ||
| 040 |
_aAE-AdJCSC _bara _cSA-RiAUC. _erda |
||
| 050 | 4 | _bR55 2003 | |
| 082 | 0 | 4 |
_a214.303625 _qSA-RiAUC |
| 090 |
_a214.303625 _bر ك ا |
||
| 100 | 1 |
_aالركابي، زين العابدين، _dتوفي 1435 هجري _eمؤلف. |
|
| 245 | 1 | 2 |
_aالأدمغة المفخخة / _cزين العابدين الركابي. |
| 250 | _aالطبعة الأولى. | ||
| 264 | 1 |
_aالرياض : _bدار غيناء النشر، _c2003 |
|
| 300 |
_a246 صفحة ؛ _c22 سم |
||
| 336 |
_aنص _btxt _2rdacontent _3كتاب |
||
| 337 |
_aبدون وسيط _bn _2rdamedia |
||
| 338 |
_aمجلد _bnc _2rdacarrier |
||
| 650 | 7 |
_aالإسلام والإرهاب _2aucsh |
|
| 650 | 7 |
_aالإسلام والتطرف الديني _2aucsh |
|
| 650 | 7 |
_aالإسلام _xدفع مطاعن _2aucsh |
|
| 650 | 7 |
_aالإرهاب _2aucsh |
|
| 942 |
_2ddc _cBOOK _n0 |
||
| 949 |
_aSA-JeALM _d260419 _umohamedma123 _n1 |
||
| 999 |
_c14838 _d14838 |
||